000
00258nam a2200121Ia 4500
008
231129s9999||||xx |||||||||||||| ||spa||
040
_b
spa
082
_a
920 B658m
100
_a
Blumemberg Werner
245
0
_a
Marx
264
_a
Salvat
942
_2
ddc
_c
BKS
999
_c
20705
_d
20705